000 03630nam2a22005531 4500
001 v19\rc\1775896
005 20251118181650.0
035 _a(NLR Aleph) 005250249
090 _a5796294
_c5796294
100 _a20061204d1905 u y0rusy50 ca
101 0 _arus
102 _aRU
105 _ay z |||a|
135 _acrmn mmmaaada
200 1 _aПовести и рассказы
210 _d1905
215 _a475, [2] с.
325 _aКопия доступна в Электрон. б-ке РНБ http://vivaldi.nlr.ru/bv000030138/view
327 1 _aСодерж.: Слабое сердце: повесть; Чужая жена и муж под кроватью: происшествие необыкновенное; Честный вор: из записок неизвестного; Елка и свадьба: из записок неизвестного; Белые ночи: сентиментальный роман: (из воспоминаний мечтателя); Неточка Незванова; Маленький герой: из неизвестных мемуаров; На европейские события в 1854 году: стихотворение; Дядюшкин сон: (из Мордасовских летописей)
461 0 _1001v19\rc\1775894
_12001#$aПолное собрание сочинений Ф.М. Достоевского$vТ. 2
_95796280
_aДостоевский, Ф. М. (1821-1881)
_cСанкт-Петербург
_d1904-1906
_eЮбилейное (6-е) изд.
_nиздатель А.Г. Достоевская
_p14 т.
_tПолное собрание сочинений Ф.М. Достоевского
_vТ. 2
464 0 _12001#$aБелые ночи$eсентиментальный роман$e(из воспоминаний мечтателя)
_tБелые ночи
464 0 _12001#$aДядюшкин сон$e(из Мордасовских летописей)
_tДядюшкин сон
464 0 _12001#$aЕлка и свадьба$eиз записок неизвестного
_tЕлка и свадьба
464 0 _12001#$aМаленький герой$eиз неизвестных мемуаров
_tМаленький герой
464 0 _12001#$aНа европейские события в 1854 году$eстихотворение
_tНа европейские события в 1854 году
464 0 _12001#$aНеточка Незванова
_tНеточка Незванова
464 0 _12001#$aСлабое сердце$eповесть
_tСлабое сердце
464 0 _12001#$aЧестный вор$eиз записок неизвестного
_tЧестный вор
464 0 _12001#$aЧужая жена и муж по кроватью$eпроисшествие необыкновенное
_tЧужая жена и муж по кроватью
686 0 _aШ6(2=Р)52-4
801 0 _aRU
_bNLR
_gpsbo
801 0 _aRU
_bRuMoRGB
_2psbo
801 1 _aRU
_bProSoft-M
_2rusmarc
801 2 _aRU
_bNLR
_c20110321
_2rusmarc
852 _aNLR
_j37.8.3.1(2)
852 _aNLR
_j132/5322
856 0 _uhttp://vivaldi.nlr.ru/bv000030138/view
856 1 _uhttp://vivaldi.nlr.ru/bv000030138/cover
856 2 _uhttp://vivaldi.nlr.ru/bv000030138/text
899 _aБАН
899 _aНБ СПбГУ
899 _aГПИБ
899 _aRuMoRGB
_jA 183/5
899 _aRuMoRGB
_jA 210/3
942 _cBOOK
980 _aNB
981 3 3 _a(33) Художественная литература
_b(33) Отечественная литература